Loading...
| Science - Chemistry | 0 | 4 | 1 | 0 | 35 | 88 | 106.25 | 0 | 0 | 3.58 | 11.16 |
| Literature - European | 0 | 3 | 0 | 1 | 30 | 80 | 123.00 | 0 | 0 | 4.02 | 10.91 |
| Science - Biology | 0 | 4 | 3 | 1 | 25 | 48 | 73.00 | 1 | 3 | 12.51 | 25.37 |
| Social Science | 0 | 2 | 1 | 1 | 15 | 92 | 104.50 | 0 | 0 | 1.49 | 2.64 |
| History - American | 0 | 2 | 1 | 0 | 15 | 28 | 40.00 | 1 | 1 | 12.55 | 14.88 |
| Current Events | 0 | 1 | 0 | 0 | 10 | 67 | 67.00 | 0 | 0 | 15.89 | 3.33 |
| History - Other | 0 | 1 | 0 | 0 | 10 | 54 | 54.00 | 0 | 1 | 5.45 | 6.61 |
| Literature - American | 0 | 1 | 0 | 0 | 10 | 135 | 135.00 | 0 | 0 | 0.00 | 1.82 |
| Literature - World | 0 | 1 | 0 | 1 | 10 | 135 | 135.00 | 0 | 0 | 0.13 | 0.91 |
| Other Academic | 0 | 1 | 0 | 1 | 10 | 118 | 118.00 | 0 | 0 | 0.00 | 10.00 |
| Philosophy | 0 | 1 | 0 | 0 | 10 | 84 | 84.00 | 0 | 0 | 2.45 | 3.31 |
| Religion | 0 | 1 | 0 | 0 | 10 | 106 | 106.00 | 0 | 0 | 0.71 | 3.31 |
| Fine Arts - Painting and Sculpture | 0 | 1 | 1 | 0 | 5 | 78 | 78.00 | 0 | 1 | 3.59 | 8.18 |
| History - European | 0 | 1 | 2 | 0 | 0 | 76 | 76.00 | 0 | 0 | 3.61 | 4.55 |
| Fine Arts - Classical Music | 0 | 0 | 1 | 0 | -5 | 0.00 | 0 | 0 | 0.00 | 0.00 | |
| Fine Arts - Other | 0 | 0 | 1 | 0 | -5 | 0.00 | 0 | 0 | 0.00 | 0.00 | |
| Mythology | 0 | 0 | 1 | 0 | -5 | 0.00 | 0 | 0 | 0.00 | 0.00 | |
| Science - Physics | 0 | 1 | 4 | 0 | -10 | 92 | 92.00 | 0 | 1 | 1.88 | 7.44 |
| History - World | 0 | 0 | 3 | 0 | -15 | 0.00 | 0 | 0 | 0.00 | 0.00 |